Normal view
MARC view
- Basavarajaiah, B S
Entry Personal Name
001 - CONTROL NUMBER
- control field: 7472
003 - CONTROL NUMBER IDENTIFIER
- control field: OSt
005 - DATE AND TIME OF LATEST TRANSACTION
- control field: 20250506121258.0
008 - FIXED-LENGTH DATA ELEMENTS
- fixed length control field: 250506|| aca||aabn | a|a d
040 ## - CATALOGING SOURCE
- Original cataloging agency: OSt
- Transcribing agency: OSt
100 ## - HEADING--PERSONAL NAME
- Personal name: Basavarajaiah, B S
670 ## - SOURCE DATA FOUND
- Source citation: Work cat.: (OSt)5551: Basavarajaiah, B S ., Strength of materials / , 1995.
